Enfermedades de las glándulas mamarias en los animales domésticos / (Record no. 78920)

MARC details
000 -LEADER
campo de control de longitud fija 00666nam a2200193 i 4500
001 - NÚMERO DE CONTROL
campo de control 78920
003 - IDENTIFICADOR DE NÚMERO DE CONTROL
campo de control ES-MaACL
005 - FECHA Y HORA DE LA ÚLTIMA TRANSACCIÓN
campo de control 20230906173843.0
007 - CAMPO FIJO DE DESCRIPCIÓN FÍSICA--INFORMACIÓN GENERAL
campo de control de longitud fija t|
008 - DATOS DE LONGITUD FIJA--INFORMACIÓN GENERAL
campo de control de longitud fija 041018s1969 sp ||||1| spa d
100 1# - ENTRADA PRINCIPAL--NOMBRE DE PERSONA
Nombre de persona Heidrich, H. J.
9 (RLIN) 62344
245 10 - MENCIÓN DEL TÍTULO
Título Enfermedades de las glándulas mamarias en los animales domésticos /
Mención de responsabilidad, etc. H.J. Heidrich, W. Renk ; traducción y prólogo Clemente Sánchez-Garnica y Montes.
250 ## - MENCION DE EDICION
Mención de edición [1ª ed.].
260 ## - PUBLICACIÓN, DISTRIBUCIÓN, ETC.
Lugar de publicación, distribución, etc. Barcelona :
Nombre del editor, distribuidor, etc. Labor,
Fecha de publicación, distribución, etc. [1969]
300 ## - DESCRIPCIÓN FÍSICA
Extensión XVI, 508 p., 15 lám. :
Otras características físicas il. ;
Dimensiones 25 cm.
700 1# - ENTRADA AGREGADA--NOMBRE PERSONAL
Nombre de persona Sánchez-Garnica Montes, Clemente.
9 (RLIN) 102666
700 1# - ENTRADA AGREGADA--NOMBRE PERSONAL
Nombre de persona Renk, W.
9 (RLIN) 96219
852 ## - LOCALIZACIÓN
Ubicación ES-MaACL
Número de control de estantería C-41822
Sublocalización o colección R.70695
Holdings
Estatus retirado Estado de pérdida Estado de daño No para préstamo Biblioteca de origen Biblioteca actual Ubicación en estantería Fecha de adquisición Fuente de adquisición Total de préstamos Signatura topográfica completa Código de barras Visto por última vez Precio de reemplazo Tipo de ítem Koha
        Biblioteca del Ateneo de Madrid Biblioteca del Ateneo de Madrid Depósito 2 17/01/2008     C-41822 1082533 23/02/2023 23/02/2023 Libro impreso